[Event "SR 3. liga A2 2006/2007"]
[Site "?"]
[Date "2007.02.25"]
[Round "9"]
[White "Harasta, Juraj"]
[Black "Lajda, Dusan"]
[Result "0-1"]
[WhiteElo "1723"]
[BlackElo "1737"]
[Annotator "Holíc - Vrbové  /7/"]
[PlyCount "48"]
[EventDate "2006.??.??"]

1. e4 c5 2. Nf3 Nc6 3. d4 cxd4 4. Nxd4 d6 5. Nc3 Nf6 6. Be2 g6 7. Be3 Bg7 8.
O-O O-O 9. Qd2 Bd7 10. Nb3 a6 11. Bh6 b5 12. Bxg7 Kxg7 13. f3 Qb6+ 14. Kh1 Rfc8
15. Nd5 Nxd5 16. Qxd5 Nb4 17. Qd4+ Qxd4 18. Nxd4 Nxc2 19. Nb3 Nxa1 20. Nxa1 Be6
21. b3 Rc3 22. Bd1 Rac8 23. Kg1 Rc1 24. Nc2 R8xc2 0-1

[Event "SR 3. liga A2 2006/2007"]
[Site "?"]
[Date "2007.02.25"]
[Round "9"]
[White "Bjel, Jan"]
[Black "Brisudova, Veronika"]
[Result "1/2-1/2"]
[WhiteElo "1350"]
[BlackElo "1664"]
[Annotator "Holíc - Vrbové  /8/"]
[PlyCount "64"]
[EventDate "2006.??.??"]

1. e4 e6 2. d4 d5 3. Nd2 c5 4. Ngf3 Qb6 5. c3 Nc6 6. exd5 exd5 7. Nb3 c4 8.
Nbd2 Nf6 9. b3 cxb3 10. Qxb3 Qc7 11. Be2 Be7 12. O-O O-O 13. Re1 Be6 14. Bd3 h6
15. Qc2 Bd6 16. a3 Rac8 17. Bb2 Na5 18. h3 Nc4 19. Nxc4 dxc4 20. Bf5 Rce8 21.
Nd2 Bd5 22. Ne4 Nxe4 23. Bxe4 Bxe4 24. Rxe4 Rxe4 25. Qxe4 f5 26. Qd5+ Kh8 27.
Re1 Bf4 28. Re6 Bg5 29. a4 f4 30. Ba3 Rd8 31. Rd6 Rxd6 32. Bxd6 Qd7 1/2-1/2

[Event "SR 3. liga A2 2006/2007"]
[Site "?"]
[Date "2007.02.25"]
[Round "9"]
[White "Vach, Pavol"]
[Black "Kovacocy, Pavel"]
[Result "1/2-1/2"]
[WhiteElo "2117"]
[BlackElo "2266"]
[Annotator "Senica B - Cífer  /1/"]
[PlyCount "53"]
[EventDate "2006.??.??"]

1. e4 c5 2. Nf3 Nc6 3. d4 cxd4 4. Nxd4 g6 5. Be3 Bg7 6. Be2 Nf6 7. Nc3 O-O 8.
Qd2 d6 9. f3 Nxd4 10. Bxd4 Be6 11. O-O-O Qa5 12. Kb1 Rfc8 13. Nd5 Qxd2 14.
Nxf6+ Bxf6 15. Rxd2 Bxd4 16. Rxd4 Rc5 17. Rhd1 Rac8 18. R1d2 Bc4 19. Rxc4 Rxc4
20. Bxc4 Rxc4 21. c3 Kf8 22. Kc2 Ke8 23. b3 Rc5 24. a4 f5 25. exf5 Rxf5 26. b4
g5 27. Rd4 1/2-1/2

[Event "SR 3. liga A2 2006/2007"]
[Site "?"]
[Date "2007.02.25"]
[Round "9"]
[White "Cechovic, Stefan"]
[Black "Palka, Miroslav"]
[Result "1/2-1/2"]
[WhiteElo "2197"]
[BlackElo "2055"]
[Annotator "Senica B - Cífer  /2/"]
[PlyCount "38"]
[EventDate "2006.??.??"]

1. e4 c5 2. Nf3 d6 3. d4 cxd4 4. Nxd4 Nf6 5. Nc3 g6 6. Bc4 Bg7 7. Be3 O-O 8. f3
Nc6 9. Qd2 Ne5 10. Bb3 Bd7 11. O-O-O Qa5 12. g4 Rfc8 13. h4 Nc4 14. Bxc4 Rxc4
15. Kb1 Rac8 16. h5 Bxg4 17. fxg4 Rxc3 18. bxc3 Nxe4 19. Qd3 Nxc3+ 1/2-1/2

[Event "SR 3. liga A2 2006/2007"]
[Site "?"]
[Date "2007.02.25"]
[Round "9"]
[White "Skapikova, Lubica"]
[Black "Sarmir, Milos"]
[Result "1/2-1/2"]
[WhiteElo "2013"]
[BlackElo "2159"]
[Annotator "Senica B - Cífer  /3/"]
[PlyCount "65"]
[EventDate "2006.??.??"]

1. e4 e5 2. Nf3 Nc6 3. Bc4 Bc5 4. O-O Nf6 5. d3 O-O 6. c3 Be7 7. Re1 d6 8. h3
Bd7 9. Nbd2 a6 10. Nf1 b5 11. Bb3 Na5 12. Bc2 c5 13. Ng3 Qc7 14. Be3 Rfc8 15.
Rc1 Nc6 16. Nh2 b4 17. f4 bxc3 18. bxc3 Qa5 19. Qd2 Rab8 20. f5 Rb2 21. Rb1
Rcb8 22. a4 Rxb1 23. Rxb1 Rxb1+ 24. Bxb1 Qxa4 25. Ng4 Nxg4 26. hxg4 Qa1 27. Qc1
Na5 28. g5 c4 29. Kh2 g6 30. f6 Bf8 31. Ne2 cxd3 32. Bxd3 Qxc1 33. Bxc1 1/2-1/2

[Event "SR 3. liga A2 2006/2007"]
[Site "?"]
[Date "2007.02.25"]
[Round "9"]
[White "Vlkovic, Pavol"]
[Black "Zisek, Jaroslav"]
[Result "1/2-1/2"]
[WhiteElo "1924"]
[BlackElo "1946"]
[Annotator "Senica B - Cífer  /4/"]
[PlyCount "31"]
[EventDate "2006.??.??"]

1. e4 e5 2. Nf3 Nc6 3. d4 exd4 4. Bc4 Nf6 5. Nxd4 Nxe4 6. Bxf7+ Kxf7 7. Qh5+ g6
8. Qd5+ Kg7 9. Nxc6 bxc6 10. Qxe4 Qe8 11. Qxe8 Bb4+ 12. c3 Rxe8+ 13. Be3 Bc5
14. Kd2 Bxe3+ 15. fxe3 d5 16. Na3 $11 1/2-1/2

[Event "SR 3. liga A2 2006/2007"]
[Site "?"]
[Date "2007.02.25"]
[Round "9"]
[White "Sipkovsky, Ivan"]
[Black "Hrusovsky, Jan"]
[Result "0-1"]
[WhiteElo "1901"]
[BlackElo "1767"]
[Annotator "Senica B - Cífer  /5/"]
[PlyCount "20"]
[EventDate "2006.??.??"]

1. e4 e5 2. Nf3 Nc6 3. Nc3 Bc5 4. d3 Nf6 5. Be2 d5 6. exd5 Nxd5 7. O-O O-O 8.
a3 h6 9. b4 Nxc3 10. Qd2 Nxe2+ 0-1

[Event "SR 3. liga A2 2006/2007"]
[Site "?"]
[Date "2007.02.25"]
[Round "9"]
[White "Liptak, Dusan"]
[Black "Palka, Martin"]
[Result "0-1"]
[WhiteElo "1708"]
[BlackElo "1901"]
[Annotator "Senica B - Cífer  /6/"]
[PlyCount "70"]
[EventDate "2006.??.??"]

1. Nf3 Nf6 2. c4 g6 3. Nc3 Bg7 4. d4 O-O 5. e4 d6 6. Be2 e5 7. O-O c6 8. d5 Na6
9. Nd2 Ne8 10. Rb1 c5 11. a3 f5 12. b4 Nf6 13. Bd3 f4 14. f3 g5 15. Be2 h5 16.
h3 Bh6 17. Rf2 Rf7 18. Nf1 g4 19. fxg4 hxg4 20. b5 Nb8 21. hxg4 Rg7 22. g3 Bxg4
23. Bxg4 Nxg4 24. Rg2 Nd7 25. gxf4 Qh4 26. f5 Ndf6 27. Bxh6 Qxh6 28. Qd2 Qh5
29. Re1 Kf7 30. Ree2 Rh8 31. Nh2 Qxh2+ 32. Rxh2 Nxh2+ 33. Kf2 Nfg4+ 34. Kg2
Ne3+ 35. Kf2 Rg2+ 0-1

[Event "SR 3. liga A2 2006/2007"]
[Site "?"]
[Date "2007.02.25"]
[Round "9"]
[White "Fidericky, Milan"]
[Black "Markuliak, Mario"]
[Result "0-1"]
[WhiteElo "1888"]
[BlackElo "1588"]
[Annotator "Senica B - Cífer  /7/"]
[PlyCount "50"]
[EventDate "2006.??.??"]

1. e4 d6 2. d4 Nf6 3. Nc3 g6 4. Nf3 Bg7 5. Bc4 O-O 6. O-O Bg4 7. h3 Bxf3 8.
gxf3 c5 9. d5 Nbd7 10. Kh2 Ne5 11. b3 Nh5 12. Be3 Nxc4 13. bxc4 Bxc3 14. Rb1 b6
15. Rb3 Be5+ 16. Kh1 e6 17. Qe2 Qh4 18. Kg2 Nf4+ 19. Bxf4 Bxf4 20. Rg1 f5 21.
exf5 Rxf5 22. Qxe6+ Kh8 23. Qe4 Rg5+ 24. Kf1 Qxh3+ 25. Ke2 Re5 0-1

[Event "SR 3. liga A2 2006/2007"]
[Site "?"]
[Date "2007.02.25"]
[Round "9"]
[White "Olos, Stanislav"]
[Black "Havlicek, Peter"]
[Result "1/2-1/2"]
[WhiteElo "1550"]
[BlackElo "1715"]
[Annotator "Senica B - Cífer  /8/"]
[PlyCount "44"]
[EventDate "2006.??.??"]

1. e4 c5 2. Nf3 d6 3. d4 cxd4 4. Nxd4 e6 5. Nc3 Nf6 6. Bd3 Be7 7. O-O O-O 8.
Bg5 a6 9. Re1 Nbd7 10. Qd2 Ne5 11. Rac1 b5 12. a3 Bb7 13. Nf3 Nxf3+ 14. gxf3 h6
15. Bh4 Nh7 16. Bxe7 Qxe7 17. Kh1 Ng5 18. Qe3 Qf6 19. Be2 e5 20. Rg1 Nh3 21.
Rg3 Ng5 22. Rcg1 Ne6 1/2-1/2

[Event "SR 3. liga A2 2006/2007"]
[Site "?"]
[Date "2007.02.25"]
[Round "9"]
[White "Vass, Frantisek"]
[Black "Hecko, Dusan"]
[Result "1-0"]
[WhiteElo "2352"]
[BlackElo "2142"]
[Annotator "Galanta - Osuské B  /1/"]
[PlyCount "115"]
[EventDate "2006.??.??"]

1. d4 d6 2. c4 Nd7 3. e4 e5 4. d5 Ngf6 5. Nc3 Be7 6. Be2 O-O 7. Nf3 Re8 8. Nd2
Nf8 9. Nb3 b6 10. Be3 h6 11. Nc1 a5 12. Nd3 N6h7 13. g3 Bg5 14. f4 exf4 15.
gxf4 Bf6 16. Bf3 Ng6 17. Qe2 Ba6 18. Nb5 Nh4 19. O-O-O Nxf3 20. Qxf3 Bxb5 21.
cxb5 a4 22. Rhf1 Qd7 23. e5 dxe5 24. fxe5 Bxe5 25. Nxe5 Rxe5 26. d6 Rae8 27.
Qc6 Qxc6+ 28. bxc6 Rxe3 29. dxc7 R3e6 30. Rd8 Rxc6+ 31. Kd2 Kf8 32. Re1 Nf6 33.
c8=Q Rxc8 34. Rexe8+ Nxe8 35. Rxc8 Ke7 36. Rb8 Nd6 37. Kd3 b5 38. Kd4 Ke6 39.
Rb6 Ke7 40. Kd5 Ne8 41. Rb7+ Kf6 42. Kc6 g5 43. Rxb5 Ng7 44. Kd5 Ne6 45. Ke4 g4
46. b4 axb3 47. axb3 Kg6 48. Ra5 h5 49. b4 h4 50. b5 f5+ 51. Ke5 Nc5 52. b6 Nb7
53. Ra7 g3 54. hxg3 hxg3 55. Ra3 f4 56. Kxf4 Kf6 57. Kxg3 Ke6 58. Ra7 1-0

[Event "SR 3. liga A2 2006/2007"]
[Site "?"]
[Date "2007.02.25"]
[Round "9"]
[White "Diviak, Rastislav"]
[Black "Farkas, Gabor"]
[Result "0-1"]
[WhiteElo "1958"]
[BlackElo "2240"]
[Annotator "Galanta - Osuské B  /2/"]
[PlyCount "94"]
[EventDate "2006.??.??"]

1. e4 e5 2. Nf3 Nc6 3. Bb5 a6 4. Ba4 Nf6 5. O-O b5 6. Bb3 Be7 7. Re1 d6 8. c3
O-O 9. h3 Bb7 10. d4 Re8 11. Nbd2 Bf8 12. Bc2 g6 13. d5 Nb8 14. a4 Nbd7 15. Nf1
c6 16. dxc6 Bxc6 17. Ng3 Qc7 18. Bg5 Bg7 19. Qd2 d5 20. axb5 axb5 21. Rxa8 Bxa8
22. exd5 Bxd5 23. Ne4 Bxe4 24. Bxe4 Nxe4 25. Rxe4 Nc5 26. Rb4 Qc6 27. Qe2 e4
28. Qxb5 Qxb5 29. Rxb5 Ne6 30. Nd2 Nxg5 31. Rxg5 f5 32. Rg3 Bh6 33. Nf1 f4 34.
Rg4 e3 35. fxe3 fxe3 36. Ng3 e2 37. Nxe2 Rxe2 38. Rb4 Be3+ 39. Kh1 h5 40. g4 h4
41. Rb7 Bc1 42. b3 Re3 43. c4 Rxh3+ 44. Kg2 Rg3+ 45. Kh1 Bf4 46. c5 Rc3 47. b4
h3 0-1

[Event "SR 3. liga A2 2006/2007"]
[Site "?"]
[Date "2007.02.25"]
[Round "9"]
[White "Petenyi, Tamas"]
[Black "Pericka, Tomas"]
[Result "1-0"]
[WhiteElo "2125"]
[BlackElo "1913"]
[Annotator "Galanta - Osuské B  /3/"]
[PlyCount "91"]
[EventDate "2006.??.??"]

1. e4 c5 2. Nf3 Nc6 3. Nc3 g6 4. d4 cxd4 5. Nxd4 Bg7 6. Be3 Nf6 7. f3 O-O 8.
Qd2 d5 9. exd5 Nxd5 10. Nxc6 bxc6 11. Nxd5 Qxd5 12. Qxd5 cxd5 13. O-O-O Rd8 14.
c3 e5 15. Bd3 Be6 16. Kb1 Rd7 17. Rhe1 Rb8 18. Ka1 Rdb7 19. Rd2 f5 20. Ba6 Rc7
21. f4 e4 22. Bd4 Bxd4 23. Rxd4 Rb6 24. Bf1 Kf7 25. Re2 Ke7 26. Red2 Rd7 27.
Be2 h6 28. h4 h5 29. Bd1 Rbd6 30. Bb3 Bf7 31. Kb1 Be6 32. Kc1 Bf7 33. Kd1 Be6
34. Ke2 Ra6 35. Ke3 Rad6 36. Rb4 Rb6 37. Rxb6 axb6 38. Rd4 Ra7 39. Rb4 Ra6 40.
Kd4 Kd6 41. a3 Bf7 42. Ba4 Be6 43. Be8 Ra8 44. Rxb6+ Ke7 45. Bc6 e3 46. Kxe3
1-0

[Event "SR 3. liga A2 2006/2007"]
[Site "?"]
[Date "2007.02.25"]
[Round "9"]
[White "Hanzluvka, Peter"]
[Black "Nagy, Tomas"]
[Result "0-1"]
[WhiteElo "2042"]
[BlackElo "2125"]
[Annotator "Galanta - Osuské B  /4/"]
[PlyCount "104"]
[EventDate "2006.??.??"]

1. e4 c5 2. Nf3 d6 3. d4 Nf6 4. Nc3 cxd4 5. Nxd4 g6 6. Bc4 Bg7 7. Be3 O-O 8. f3
Nc6 9. O-O Bd7 10. Bb3 Qa5 11. Qd2 Rfc8 12. Rad1 Ne5 13. f4 Neg4 14. Rf3 Nxe3
15. Rxe3 Bh6 16. Nde2 Qc5 17. Qd4 Qxd4 18. Rxd4 Bc6 19. Rg3 Rd8 20. f5 Kg7 21.
Nd5 Bxd5 22. exd5 Rac8 23. c4 Rc7 24. Kf2 Rb8 25. Nc3 a6 26. h3 Bc1 27. Nd1 b5
28. fxg6 hxg6 29. Rc3 Bg5 30. cxb5 Rxc3 31. Nxc3 axb5 32. Rb4 Bc1 33. Bd1 Bd2
$11 34. Bf3 Bxc3 35. bxc3 Ra8 36. Rb2 Ra3 37. Rc2 e5 38. dxe6 fxe6 39. Ke2 d5
40. Kd2 e5 41. Rb2 Kf7 42. Kc2 Ke6 43. Be2 Ne4 44. Bg4+ Kf6 45. Rxb5 Rxc3+ 46.
Kb2 d4 47. a4 d3 48. Rd5 Rc2+ 49. Kb3 Nc5+ 50. Kb4 e4 51. Bd1 Rc1 52. a5 e3 0-1

[Event "SR 3. liga A2 2006/2007"]
[Site "?"]
[Date "2007.02.25"]
[Round "9"]
[White "Csiba, Dominik"]
[Black "Blazkova, Barbora"]
[Result "1-0"]
[WhiteElo "2070"]
[BlackElo "1960"]
[Annotator "Galanta - Osuské B  /5/"]
[PlyCount "49"]
[EventDate "2006.??.??"]

1. d4 Nf6 2. c4 g6 3. Nc3 Bg7 4. e4 d6 5. Be3 O-O 6. f3 e5 7. Nge2 Nbd7 8. Qd2
Nh5 9. g4 Nhf6 10. d5 Rb8 11. Ng3 a5 12. h4 Nc5 13. h5 Qe7 14. Bh6 Re8 15. Bxg7
Kxg7 16. Be2 Rh8 17. O-O-O Bd7 18. Rh2 Be8 19. Rdh1 Ncd7 20. Nf5+ gxf5 21. Qg5+
Kf8 22. Qh6+ Kg8 23. gxf5 Ng4 24. Rg2 Ndf6 25. Rhg1 1-0

[Event "SR 3. liga A2 2006/2007"]
[Site "?"]
[Date "2007.02.25"]
[Round "9"]
[White "Pericka, Pavol"]
[Black "Danis, Jozef"]
[Result "0-1"]
[WhiteElo "1716"]
[BlackElo "1756"]
[Annotator "Galanta - Osuské B  /6/"]
[PlyCount "72"]
[EventDate "2006.??.??"]

1. e4 e5 2. Nf3 Nf6 3. Nxe5 d6 4. Nf3 Nxe4 5. d3 Nf6 6. b3 Nc6 7. Bb2 Be7 8.
Be2 d5 9. Nd4 Nxd4 10. Bxd4 c5 11. Be5 d4 12. O-O O-O 13. Nd2 Nd5 14. Bf3 Nc3
15. Qe1 f5 16. Nb1 Nxb1 17. Rxb1 a5 18. c4 dxc3 19. Qxc3 Bf6 20. Qxc5 Bxe5 21.
Qxe5 Ra6 22. Bd5+ Kh8 23. Rfe1 Rd6 24. Bc4 b5 25. Qxb5 Bd7 26. Qe5 Bc6 27. Qe7
Rg6 28. g3 Qa8 29. Bf7 Rf6 30. Bh5 f4 31. Re6 fxg3 32. Rxf6 gxh2+ 33. Kxh2 Rxf6
34. Re1 Rxf2+ 35. Kh3 Bd7+ 36. Kh4 Rh2+ 0-1

[Event "SR 3. liga A2 2006/2007"]
[Site "?"]
[Date "2007.02.25"]
[Round "9"]
[White "Lancz, Jozef"]
[Black "Danada, Ondrej"]
[Result "0-1"]
[WhiteElo "1350"]
[BlackElo "1602"]
[Annotator "Galanta - Osuské B  /7/"]
[PlyCount "96"]
[EventDate "2006.??.??"]

1. e4 c6 2. d4 d5 3. Nc3 dxe4 4. Nxe4 Bf5 5. Ng3 Bg6 6. Nf3 Nd7 7. Bd3 Bxd3 8.
Qxd3 Ngf6 9. O-O e6 10. c4 Qc7 11. b3 Be7 12. Bb2 c5 13. Rad1 O-O-O 14. Qc2 Nb6
15. dxc5 Qxc5 16. a3 h6 17. Ne5 Rhf8 18. Rxd8+ Kxd8 19. b4 Qc7 20. Rc1 Nbd7 21.
Qe2 Nxe5 22. Bxe5 Qc6 23. Qe3 a6 24. Rd1+ Ke8 25. Qd4 Rg8 26. a4 Qxa4 27. b5
axb5 28. Bxf6 gxf6 29. Ra1 Rg4 30. Qb2 Qxc4 31. h3 Rd4 32. Ra8+ Rd8 33. Ra7 Qc6
34. Ra1 Rd3 35. Ra8+ Kd7 36. Ra1 b4 37. Qe2 Qd5 38. Ne4 f5 39. Ng3 b3 40. Ra5
Qxa5 41. Qxd3+ Qd5 42. Qc3 Qd1+ 43. Nf1 Qc2 44. Qd4+ Ke8 45. Qe5 b2 46. Qb5+
Kf8 47. Qe5 Kg8 48. Qb8+ Kg7 0-1

[Event "SR 3. liga A2 2006/2007"]
[Site "?"]
[Date "2007.02.25"]
[Round "9"]
[White "Perickova, Jana"]
[Black "Lancz, Frantisek"]
[Result "0-1"]
[WhiteElo "1545"]
[BlackElo "1350"]
[Annotator "Galanta - Osuské B  /8/"]
[PlyCount "70"]
[EventDate "2006.??.??"]

1. e4 e5 2. Nf3 Nc6 3. d4 exd4 4. Nxd4 Nxd4 5. Qxd4 d6 6. Nc3 Nf6 7. e5 dxe5 8.
Qxd8+ Kxd8 9. Bg5 c6 10. O-O-O+ Kc7 11. Bc4 Bg4 12. f3 Bh5 13. Rhe1 Nd7 14. g4
Bg6 15. Bd2 f6 16. f4 Nb6 17. Bb3 Bd6 18. Ne4 Bxe4 19. Rxe4 Rhe8 20. fxe5 Bxe5
21. Rde1 Re7 22. Bb4 Rd7 23. h3 Nd5 24. Bxd5 Rxd5 25. g5 Rad8 26. gxf6 Bxf6 27.
Be7 Bxe7 28. Rxe7+ R8d7 29. Rxd7+ Rxd7 30. h4 Kd8 31. h5 Re7 32. Rxe7 Kxe7 33.
Kd2 Kf6 34. Ke3 Kg5 35. Kf3 Kxh5 0-1

[Event "SR 3. liga A2 2006/2007"]
[Site "?"]
[Date "2007.02.25"]
[Round "9"]
[White "Janko, Ladislav"]
[Black "Pribila, Michal"]
[Result "1/2-1/2"]
[WhiteElo "2180"]
[BlackElo "2095"]
[Annotator "Gabcíkovo - Gbely  /1/"]
[PlyCount "46"]
[EventDate "2006.??.??"]

1. e4 c5 2. Nf3 d6 3. c3 Nf6 4. Bd3 Nc6 5. Bc2 Bg4 6. d3 e6 7. Nbd2 Be7 8. Nf1
d5 9. Qe2 d4 10. h3 Bh5 11. Ng3 Bg6 12. O-O h6 13. Nh2 e5 14. f4 exf4 15. Bxf4
O-O 16. Ng4 Nxg4 17. Qxg4 Bg5 18. Bxg5 Qxg5 19. Qxg5 hxg5 20. Nf5 Rad8 21. Rac1
dxc3 22. bxc3 b6 23. Ne3 f6 $11 1/2-1/2

[Event "SR 3. liga A2 2006/2007"]
[Site "?"]
[Date "2007.02.25"]
[Round "9"]
[White "Pribila, Gerhard"]
[Black "Sulek, Viliam"]
[Result "1-0"]
[WhiteElo "2022"]
[BlackElo "2202"]
[Annotator "Gabcíkovo - Gbely  /2/"]
[PlyCount "89"]
[EventDate "2006.??.??"]

1. e4 c5 2. Nf3 Nc6 3. d4 cxd4 4. Nxd4 Nf6 5. Nc3 d6 6. Bg5 e6 7. Qd2 Be7 8.
O-O-O O-O 9. f4 h6 10. h4 Qb6 11. Bxf6 Bxf6 12. Nb3 a5 13. Na4 Qb4 14. Qxb4
axb4 15. Nb6 Rxa2 16. Rxd6 e5 17. Kb1 Ra7 18. f5 Nd4 19. Nd5 Bd8 20. Nxd4 exd4
21. Nxb4 Bf6 22. g4 Re8 23. Bg2 Be5 24. Rd5 f6 25. Nd3 b6 26. Nxe5 fxe5 27. Rd6
Ba6 28. Kc1 Rc8 29. Kd2 Rac7 30. Rc1 Rc6 31. Rxc6 Rxc6 32. Bf1 Bb7 33. Bd3 Kf7
34. Ra1 Kf6 35. Ra7 Bc8 36. g5+ hxg5 37. hxg5+ Kxg5 38. Rxg7+ Kf4 39. b3 Rh6
40. Rg6 Rh2+ 41. Kc1 Bb7 42. f6 Rf2 43. Rg2 Rf3 44. Be2 Rc3 45. f7 1-0

[Event "SR 3. liga A2 2006/2007"]
[Site "?"]
[Date "2007.02.25"]
[Round "9"]
[White "Puobis, Jozef"]
[Black "Vach, Jozef"]
[Result "0-1"]
[WhiteElo "2043"]
[BlackElo "1992"]
[Annotator "Gabcíkovo - Gbely  /3/"]
[PlyCount "120"]
[EventDate "2006.??.??"]

1. e4 e5 2. Nf3 Nc6 3. d4 exd4 4. Bc4 d6 5. Nxd4 Nxd4 6. Qxd4 Be6 7. Bd3 Nf6 8.
O-O Be7 9. Nc3 c6 10. h3 O-O 11. a4 Nd7 12. Bf4 Qb6 13. Qxb6 Nxb6 14. a5 Nc4
15. b3 Ne5 16. Rfd1 Rfd8 17. Ne2 Bf6 18. Ra4 d5 19. exd5 Nxd3 20. dxe6 Nxf4 21.
Rxd8+ Rxd8 22. exf7+ Kxf7 23. Rxf4 Rd1+ 24. Kh2 Rd2 25. Ng3 Rxc2 26. Ne4 Ke6
27. Nxf6 gxf6 28. Rb4 Ra2 29. Rxb7 Rxa5 30. Rxh7 Ra3 31. Rg7 a5 32. Rb7 Ra2 33.
f3 Rb2 34. Ra7 Ra2 $11 35. Kg3 c5 36. h4 Kf5 37. Rc7 Rc2 38. Rb7 Ke5 39. Rb5 f5
40. Rxa5 f4+ 41. Kh2 Kd4 42. h5 Re2 43. Ra4+ Kd5 44. Rxf4 Rb2 45. h6 Rxb3 46.
h7 Rb8 47. Kg3 c4 48. Rh4 Rh8 49. Kf2 Kc5 50. Ke3 Kb4 51. Kd2 Kb3 52. Kc1 c3
53. Rh6 Ra8 54. Rb6+ Kc4 55. g4 Ra1+ 56. Rb1 Ra8 57. g5 Kd3 58. Kd1 c2+ 59. Kc1
Kc3 60. g6 Rd8 0-1

[Event "SR 3. liga A2 2006/2007"]
[Site "?"]
[Date "2007.02.25"]
[Round "9"]
[White "Jozefovic, Milan"]
[Black "Bott, Tamas"]
[Result "1-0"]
[WhiteElo "1956"]
[BlackElo "1902"]
[Annotator "Gabcíkovo - Gbely  /4/"]
[PlyCount "116"]
[EventDate "2006.??.??"]

1. e4 e5 2. Nf3 Nc6 3. Bc4 Bc5 4. Qe2 d6 5. h3 Nf6 6. d3 Qe7 7. Bg5 Be6 8. Nc3
Bb4 9. O-O Bxc3 10. bxc3 Bxc4 11. dxc4 O-O 12. Nh4 Qe6 13. Nf5 Na5 14. Bxf6
Qxf6 15. Rad1 Kh8 16. Rd5 b6 17. Ne3 Nc6 18. Rd3 Qg6 19. Nd5 Rac8 20. Rg3 Qe6
21. Qh5 Ne7 22. Qg5 Ng6 23. Qd2 f5 24. exf5 Rxf5 25. Re1 Rf7 26. Re4 Rcf8 27.
f3 a5 28. h4 Nf4 29. Rg4 Qh6 30. Qe3 Nh5 31. Qxh6 gxh6 32. Re1 Nf6 33. Rg3 Nxd5
34. cxd5 Rf4 35. Kf2 Rxh4 36. Ke3 Rc4 37. Kd3 Rc5 38. c4 b5 39. Rg4 bxc4+ 40.
Rxc4 Rxc4 41. Kxc4 Rb8 42. a3 Kg7 43. Re3 Kg6 44. Rb3 Rxb3 45. cxb3 Kf5 46. Kb5
Kf4 47. Kc6 Kg3 48. Kxc7 Kxg2 49. Kxd6 h5 50. Kxe5 h4 51. d6 h3 52. d7 h2 53.
d8=Q h1=Q 54. Qg8+ Kf2 55. f4 Qa1+ 56. Kd5 Qxa3 57. Qb8 Qa2 58. f5 a4 1-0

[Event "SR 3. liga A2 2006/2007"]
[Site "?"]
[Date "2007.02.25"]
[Round "9"]
[White "Kosar, Mikulas ml"]
[Black "Kocak, Branislav"]
[Result "1/2-1/2"]
[WhiteElo "1951"]
[BlackElo "1774"]
[Annotator "Gabcíkovo - Gbely  /5/"]
[PlyCount "134"]
[EventDate "2006.??.??"]

1. e4 c5 2. d4 cxd4 3. Qxd4 Nc6 4. Qd3 d6 5. Nc3 g6 6. Nf3 Bg7 7. Bf4 Qa5 8. a3
a6 9. Be2 Nf6 10. O-O O-O 11. b4 Qd8 12. Rad1 Bg4 13. Qe3 Qc7 14. Nd5 Nxd5 15.
exd5 Bxf3 16. Bxf3 Ne5 17. Be4 Rac8 18. Rc1 Qc3 19. Qb6 Qc7 20. Qe3 Qc3 21. Qa7
Qc7 22. c4 Ra8 23. Qe3 Nxc4 24. Qe2 b5 25. Bd3 Rac8 26. Rc2 Qb7 27. Bxc4 bxc4
28. Rxc4 Rxc4 29. Qxc4 Rc8 30. Qb3 Rc3 31. Qa4 Qc8 32. Re1 Bf8 33. h3 Rc4 34.
Bg3 e5 35. dxe6 fxe6 36. Qd1 d5 37. Qf3 Bg7 38. Kh2 d4 39. Qe4 Kf7 40. Bd6 Rc6
41. Bc5 e5 42. f4 Re6 43. f5 gxf5 44. Qxf5+ Kg8 45. Bxd4 Qe8 46. Re4 Re7 47.
Bc5 Rf7 48. Qh5 Qe6 49. Qg5 Qd5 50. Rd4 Qxd4 51. Bxd4 exd4 52. Qd5 Bf6 53. Qa8+
Kg7 54. Qxa6 Re7 55. Qc8 Re3 56. Qd7+ Kg6 57. Qg4+ Kf7 58. a4 d3 59. Qc4+ Kg6
60. Qg8+ Bg7 61. Qd8 Bf6 62. Qd5 Be5+ 63. Kg1 Bg3 64. Qc6+ Kf7 65. Qc4+ Kg6 66.
Qg8+ Kh6 67. Qf8+ Kg6 1/2-1/2

[Event "SR 3. liga A2 2006/2007"]
[Site "?"]
[Date "2007.02.25"]
[Round "9"]
[White "Zajicek, Ferdinand"]
[Black "Kosar, Mikulas st"]
[Result "1-0"]
[WhiteElo "1753"]
[BlackElo "1981"]
[Annotator "Gabcíkovo - Gbely  /6/"]
[PlyCount "109"]
[EventDate "2006.??.??"]

1. e4 e5 2. Nf3 Nf6 3. Nc3 Nc6 4. Bc4 Be7 5. O-O O-O 6. d3 d6 7. h3 h6 8. a3
Bd7 9. Ne2 Qc8 10. Kh2 Be6 11. Ba2 Bxa2 12. Rxa2 Qe6 13. Ra1 d5 14. Ng3 dxe4
15. dxe4 Rfd8 16. Qe2 Nd4 17. Nxd4 Rxd4 18. c3 Rdd8 19. Nf5 Bf8 20. g4 Nh7 21.
h4 f6 22. Rg1 g5 23. h5 Rd7 24. Be3 b6 25. Rad1 Rad8 26. Rxd7 Rxd7 27. Rd1 Bg7
28. Rxd7 Qxd7 29. Qc4+ Kh8 30. Qd5 Nf8 31. c4 c6 32. Qd6 c5 33. b4 Qxd6 34.
Nxd6 cxb4 35. axb4 Nd7 36. Nc8 Bf8 37. b5 Bc5 38. Bxc5 Nxc5 39. f3 a6 40. bxa6
Nxa6 41. Nxb6 Nc5 42. Nd5 Kg7 43. Ne3 Ne6 44. Kg2 Nd4 45. Kf2 Kf7 46. Nf5 Nxf5
47. gxf5 Ke7 48. Ke3 Kd6 49. Kd3 Kc6 50. Kc2 Kc5 51. Kc3 Kc6 52. Kb4 Kb6 53.
c5+ Kc6 54. Kc4 Kc7 55. Kd5 1-0

[Event "SR 3. liga A2 2006/2007"]
[Site "?"]
[Date "2007.02.25"]
[Round "9"]
[White "Sandor, Stefan"]
[Black "Papanek, Lubomir"]
[Result "1/2-1/2"]
[WhiteElo "1492"]
[BlackElo "1684"]
[Annotator "Gabcíkovo - Gbely  /7/"]
[PlyCount "90"]
[EventDate "2006.??.??"]

1. e4 e6 2. Nf3 d5 3. exd5 exd5 4. d4 Bg4 5. Be2 Nf6 6. a3 Be7 7. Nc3 O-O 8.
O-O c6 9. Ne5 Bxe2 10. Qxe2 Nbd7 11. Nxd7 Qxd7 12. Bd2 Rfe8 13. Qf3 Qg4 14.
Qxg4 Nxg4 15. h3 Nf6 16. Rfe1 Bd6 17. Rxe8+ Rxe8 18. Re1 Rxe1+ 19. Bxe1 Nd7 20.
a4 Bb4 21. Kf1 Bxc3 22. Bxc3 f5 23. Ke2 Kf7 24. Kf3 g5 25. g3 h5 26. Ke2 Nf6
27. f3 Kg6 28. Be1 Ne8 29. b3 Nc7 30. Bd2 Ne6 31. c3 c5 32. Be3 f4 33. gxf4
gxf4 34. Bf2 cxd4 35. Bxd4 Nxd4+ 36. cxd4 Kg5 37. Kf2 Kf6 38. Ke2 Ke6 39. Kd3
Kd6 40. b4 Kc6 41. Kc3 Kb6 42. Kb3 a6 43. h4 Kc6 44. Kc3 Kb6 45. Kb3 Kc6
1/2-1/2

[Event "SR 3. liga A2 2006/2007"]
[Site "?"]
[Date "2007.02.25"]
[Round "9"]
[White "Brunovsky, Peter"]
[Black "Csente, David"]
[Result "1-0"]
[WhiteElo "1649"]
[BlackElo "1350"]
[Annotator "Gabcíkovo - Gbely  /8/"]
[PlyCount "61"]
[EventDate "2006.??.??"]

1. d4 d5 2. Nf3 Bg4 3. Bf4 Nf6 4. e3 e6 5. Nbd2 c5 6. c3 c4 7. b4 b5 8. a4 Qb6
9. axb5 Qxb5 10. Ra5 Qb6 11. Bxb8 Qxb8 12. Qa4+ Kd8 13. Ne5 Qb6 14. Nxf7+ Ke7
15. Nxh8 Bh5 16. Be2 Be8 17. Qa3 g5 18. O-O Bg7 19. Ra1 Kf8 20. Rxa7 Rxa7 21.
Qxa7 Qd8 22. Nf7 Bxf7 23. Qa8 Qe8 24. Qxe8+ Bxe8 25. Ra8 Nd7 26. Bh5 Nf6 27.
Bxe8 Nxe8 28. e4 Kf7 29. exd5 exd5 30. b5 Nd6 31. b6 1-0

[Event "SR 3. liga A2 2006/2007"]
[Site "?"]
[Date "2007.02.25"]
[Round "9"]
[White "Lahucky, Pavol"]
[Black "Halas, Miroslav"]
[Result "1-0"]
[WhiteElo "2111"]
[BlackElo "1996"]
[Annotator "Hlohovec jun. - Trnava C  /1/"]
[PlyCount "135"]
[EventDate "2006.??.??"]

1. c4 c6 2. Nc3 Nf6 3. e4 e5 4. d3 d6 5. Nf3 Bg4 6. Be2 Nbd7 7. O-O Be7 8. h3
Bxf3 9. Bxf3 O-O 10. Be3 Qc7 11. Qd2 Rad8 12. a3 Nc5 13. Qc2 Ne6 14. Ne2 b6 15.
Rac1 Rd7 16. d4 Rc8 17. b4 c5 18. bxc5 exd4 19. Nxd4 Nxd4 20. Bxd4 dxc5 21. Bc3
Bd6 22. Rfd1 Rcd8 23. Bxf6 gxf6 24. Rd5 Be5 25. Kh1 Bd4 26. Qa4 Rxd5 27. exd5
Qe5 28. Qxa7 Bxf2 29. Qxb6 Rb8 30. Qa6 Bd4 31. Qc6 Qg3 32. Qd7 Be5 33. Qg4+
Qxg4 34. Bxg4 Ra8 35. Rd1 Rxa3 36. d6 Ra8 37. d7 Rd8 38. Rd5 Bd4 39. Kh2 Kg7
40. Kg3 Be5+ 41. Kf3 Kg6 42. Ke4 Bd4 43. Bf5+ Kg7 44. Rd6 h5 45. Rc6 Kf8 46. h4
Ke7 47. Rc8 Bf2 48. g4 hxg4 49. h5 Rxd7 50. Bxd7 Kxd7 51. Rg8 Ke6 52. h6 f5+
53. Kf4 Bd4 54. Re8+ Kd7 55. Ra8 Ke6 56. Re8+ Kd7 57. Re2 Kc6 58. Kxf5 g3 59.
Rg2 Kb6 60. Rxg3 Ka5 61. Rb3 Ka4 62. Rb8 Ka3 63. Ke4 Ka4 64. h7 Ka3 65. h8=Q
Bxh8 66. Rxh8 f5+ 67. Kxf5 Kb4 68. Rh4 1-0